| 000 | 00564nam a2200193Ia 4500 | ||
|---|---|---|---|
| 008 | 140626s9999 xx 000 0 und d | ||
| 100 | _aMcClimens, Alex. | ||
| 245 |
_aIntellectual disability, consumerism and identity : _b to have and have not? / _cAlex McClimens ... [et al.]. |
||
| 260 | _cc2012. | ||
| 300 | _a16 : 2, page 135 | ||
| 440 | _aJournal of Intellectual Disabilities | ||
| 521 | _aSPED | ||
| 650 | _a Identity. | ||
| 650 | _aConsumerism. | ||
| 650 | _aEconomy. | ||
| 650 | _aIntellectual disability. | ||
| 650 | _aShopping. | ||
| 942 | _cSE | ||
| 999 |
_c120946 _d120946 |
||